Paises pobres, paises ricos: la brecha que se ensancha

Guardat en:
Dades bibliogràfiques
Autor principal: Zimmerman, J. L (Autor)
Format: Llibre
Idioma:espanyol
Publicat: Ciudad de México Siglo XXI 1966
Col·lecció:El Mundo del Hombre. Economía y Demografía
Matèries:
Etiquetes: Afegir etiqueta
Sense etiquetes, Sigues el primer a etiquetar aquest registre!

MARC

LEADER 00000nam a2200000 a 4500
001 UCX5624
003 CL-VaPUC
008 921204e19660000MX |||||||||||||||||spa|d
082 0 4 |a 301  |b ZIM  |2 21 
100 0 |a Zimmerman, J. L  |e author  |9 321953 
245 1 0 |a Paises pobres, paises ricos: la brecha que se ensancha 
300 |a 198 p 
942 |c BK 
945 |d 19921204 00:00:00 
260 |a Ciudad de México  |b Siglo XXI  |c 1966 
650 7 |a POBRES HISTORIA  |2 CL-VaPUC  |9 321954 
650 0 |a Condiciones sociales   |9 257278 
650 0 |a Política social  |9 257588 
583 |a last modification  |c 19921204 00:00:00  |k Rodrigo Vera 
490 0 |a El Mundo del Hombre. Economía y Demografía 
999 |c 225834  |d 225832 
952 |0 0  |1 0  |4 0  |6 301_000000000000000_ZIM_1966  |7 0  |8 A  |9 223698  |a BIBHIS  |b BIBHIS  |d 2019-11-15  |i 2925311  |o 301 ZIM 1966  |p 2925311  |r 2025-01-20  |w 2019-11-15  |y BK  |k HIS